| 000 | 00531ntaaa2200181 4500 | ||
|---|---|---|---|
| 003 | 01 | ||
| 005 | 20251027201857.0 | ||
| 008 | 0714s1973 ag 01 | ||
| 040 |
_aAR-BaBN _bspa _cAR-BaBN _eaacr _dRIC |
||
| 082 | _a230.1000 W89 | ||
| 100 |
_aWorkman, Herbert B. _917238 |
||
| 245 | _aChristian thought to the Reformation | ||
| 250 |
_a1 ed. : _bDuckworth, _cc1911 |
||
| 300 | _a256 p. | ||
| 500 | _a"A survey from the close of the Apostolic age to the dawn of the Reformation" | ||
| 650 |
_aTeología Histórica _92083 |
||
| 942 | _cBK | ||
| 999 |
_c13443 _d13443 |
||